Statistics for Territories to Country

Click here to take the quiz!

General Stats

  • This quiz has been taken 45 times
  • The average score is 24 of 30

Answer Stats

TerritoryCountry% Correct
GibraltarUnited Kingdom
100%
GreenlandDenmark
98%
Falkland IslandsUnited Kingdom
98%
Canary IslandsSpain
95%
Puerto RicoUnited States
95%
SvalbardNorway
91%
KaliningradRussia
91%
Cayman IslandsUnited Kingdom
91%
BermudaUnited Kingdom
91%
Easter IslandChile
88%
Galápagos IslandsEcuador
88%
GuamUnited States
88%
Faroe IslandsDenmark
86%
St. MaartenNetherlands
86%
Cook IslandsNew Zealand
86%
St. Pierre & MiquelonFrance
84%
ArubaNetherlands
84%
AzoresPortugal
84%
Åland IslandsFinland
81%
TahitiFrance
81%
New CaledoniaFrance
79%
MayotteFrance
77%
Christmas IslandAustralia
72%
BouvetøyaNorway
70%
Wake IslandUnited States
70%
NiueNew Zealand
65%
Nicobar IslandsIndia
56%
Socotra IslandYemen
42%
Prince Edward IslandsSouth Africa
37%
Paracel IslandsChina
33%

Score Distribution

Percentile by Number Answered

Percent of People with Each Score

Your Score History

You have not taken this quiz